000 00487pab a2200169 454500
008 180718b2009 xxu||||| |||| 00| 0 eng d
100 _aRidge, Tess
245 _a`It didnot always work': low-income children's experiences of changes in mothers' working patterns in the UK
260 _c2009
300 _ap.503-13.
362 _aOct
650 _aWorking mother - Great Britain
650 _aWorking mother
773 _aSocial Policy and Society
908 _aN
909 _a84724
999 _c84724
_d84724